00481nam a2200157Ia 4500008004100000041000800041082001700049100001200066245001600078250001400094260003200108300003200140365001100172999001700183952012300200240624s9999 xx 000 0 und d aeng a658.4092 OWE aOWEN JO aHOW TO LEAD a(3rd ed.) c2011aLondonbPrentice Hall axxvi, : 310 : p. : cm. ; 21 cRSb26 c20638d20638 00104070aIMTNbIMTNcRack 29-Bd2012-12-13eTBg455.00o658.4092 OWEp20638r2024-06-24 00:00:00t1w2024-06-24yBK